000 00490nam a22001817a 4500
005 20160801111213.0
010 _aENG-115582
020 _a9788173819681
_c150.00
035 _aEN-99114
037 _bDBAD/PUB
082 _a483
100 _aDas,P.C.
245 _aAntonyms /
_cby Das,P.C.
260 _aNew Delhi
_bNew Central Book Agency
_c2015
270 _a8/1,Chintamoni Das Lane
_bKolkata
_e700009
300 _a190p.
_c24cm(pbk)
942 _2ddc
_cEN
_mDAS
_h483
999 _c101622
_d101622